Pakistan or Bangladesh - Statistics

General Stats
  • This quiz has been taken 51 times
  • The average score is 12 of 15
Answer Stats
Question Answer % Correct
Islamabad Pakistan
100%
Karachi Pakistan
100%
Dhaka Bangladesh
98%
Lahore Pakistan
95%
Hyderabad Pakistan
88%
Bogra Bangladesh
81%
Khulna Bangladesh
81%
Indus River Pakistan
76%
Bhanga Bangladesh
74%
Rangpur Bangladesh
71%
Ganges River Bangladesh
69%
Sulaiman Range Pakistan
64%
Faridpur Bangladesh
62%
Okara Pakistan
57%
Dipalpur Pakistan
48%
No matching quizzes found
Score Distribution
Percent of People with Each Score
Percentile by Number Answered
Your Score History
You have not taken this quiz